Podiel dôchodkových správcovských spoločností na tvorbe starobného dôchodku na Slovensku bakalárska práca

Na minha lista:
Detalhes bibliográficos
Autor principal: Rujáková, Eva
Autor Corporativo: Podnikovohospodárska fakulta EU so sídlom v Košiciach. Katedra ekonómie
Outros Autores: Kafková, Eva
Formato: Livro
Idioma:eslovaco
Publicado em: Košice 2011
Tags: Adicionar Tag
Sem tags, seja o primeiro a adicionar uma tag!

MARC

LEADER 00000nbm a2200000 4500
001 0139366
005 20240827092736.3
041 0 |a slo 
044 |a SK 
245 1 0 |a Podiel dôchodkových správcovských spoločností na tvorbe starobného dôchodku na Slovensku  |b bakalárska práca  |c Eva Rujáková ; školiteľ: Eva Kafková 
264 1 |a Košice  |c 2011 
300 |a 46 s. 
100 1 |a Rujáková, Eva 
700 1 |a Kafková, Eva 
710 2 |a Podnikovohospodárska fakulta EU so sídlom v Košiciach. Katedra ekonómie